000 00609npc a2200205Ia 4500
001 cee1-1057 [d000000991]
003 IT-MiCISF
008 161014s9999||||xx | und||
040 _aIT-MiCISF
_cIT-MiCISF
041 _ait
100 _aCassanmagnago Cerretti Maria Luisa
245 0 _aProgetto di relazione sulla politica familiare nella CEE
_bProposta di risoluzione
250 _a1a ed.
260 _a Strasburgo
_bParlamento europeo
_c1982
300 _app. 13
500 _a / politica-familiare, progetto /
650 _apolitica-familiare
942 _cDD
957 _71
999 _a1057
_bsi
_g1
_c208593
_d208593